30 biggest European cities by letter (with a map) -W - Statistics

General Stats
  • This quiz has been taken 744 times
    586 since last reset
  • The average score is 11 of 30
Answers on the Map
Answers color-coded by a green-red scale on the quiz's map according to % correct below.
 
Answer Stats
Answer Population % Correct
Warsaw 1 748 916
99%
Wroclaw 634 404
89%
Worcester 101 328
66%
Wuppertal 350 046
65%
Wolverhampton 256 600
61%
Wiesbaden 276 218
56%
Wolfsburg 124 045
52%
Würzburg 124 873
48%
Winterthur 109 775
45%
Watford 141 651
42%
Worms 83 542
40%
Warrington 172 684
35%
Wigan 107 732
35%
Weimar 65 228
33%
Wels 60 000
32%
Woking 62 796
30%
Wilhelmshaven 77 451
29%
Worthing 110 570
28%
Wakefield 331 800
27%
Wałbrzych 114 568
26%
Weston-super-Mare 88 485
25%
Włocławek 112 635
25%
Walsall 269 323
23%
West Bromwich 77 997
23%
Westminster 247 600
19%
Wesel 60 230
14%
Washington 67 086
13%
Widnes 64 568
9%
Wallasey 60 866
7%
Waterlooville 64 350
5%
No matching quizzes found
Score Distribution
Percent of People with Each Score
Percentile by Number Answered
Your Score History
You have not taken this quiz since the last reset